header

Sherman and the burning of Columbia (Record no. 56231)

MARC details
000 -LEADER
fixed length control field 01277nam a2200313Ia 4500
100 1# - MAIN ENTRY--AUTHOR NAME
Personal name Lucas, Marion Brunson,
245 10 - TITLE STATEMENT
Title Sherman and the burning of Columbia
260 ## - PUBLICATION, DISTRIBUTION, ETC. (IMPRINT)
Place of publication Columbia, S.C. :
Name of publisher University of South Carolina Press,
Year of publication c2000.
300 ## - PHYSICAL DESCRIPTION
Number of Pages 188 p. :
Other physical details ill., maps.
856 40 - ELECTRONIC LOCATION AND ACCESS
Uniform Resource Identifier http://site.ebrary.com/lib/rucke/Doc?id=10622448

No items available.

© 2026 Rongo University
Contact us: librarian | system librarian | Rongo university